| 000 | 01176nam a22002297a 4500 | ||
|---|---|---|---|
| 005 | 20241129124053.0 | ||
| 010 | _aHIN-128647 HIN-128795 | ||
| 020 |
_a9788123798288 _c510.00 |
||
| 035 | _aHN-100993 | ||
| 035 | _aHN-101141 | ||
| 037 | _bDBAD | ||
| 082 | _aक | ||
| 245 |
_aकिसानी जीवन की पंजाबी कहानी/ _cरवि रविंदर द्वारा संपादित; प्रीत अरोड़ा और नवजोत कौर मान द्वारा अनुवादित |
||
| 250 | _aप्रथम | ||
| 260 |
_aदिल्ली _bराष्ट्रीय पुस्तक न्यास _c2021 |
||
| 270 |
_aनेहरु भवन 5, वसंत कुंज इंस्टीट्युशनल एरिया, फेज 2, वसंत कुंज _bनई दिल्ली _e110070 |
||
| 300 |
_a482 पृ. _c22 सेमी (अजिल्द) |
||
| 700 |
_aरविंदर, रवि _974360 |
||
| 700 |
_aअरोड़ा, प्रीत _974361 |
||
| 700 |
_aमान, नवजोत कौर _974362 |
||
| 942 |
_cHN _2ddc _hक _mकिसानी |
||
| 999 |
_c206425 _d206425 |
||